000 02859nas1a22003491i 4500
001 RU\NLR\INFOCOMM31\5000059750
005 20240723104808.0
035 _a(NLR Aleph) 002373097
090 _a4578294
_c4578294
100 _a20041207c1840 |||y0rusy50 ca
101 0 _arus
102 _aRU
110 _aayuzz 0|y|
200 1 _aТекущий репертуар русской сцены
_eРаздается при Пантеоне рус. и всех европ. театров
210 _a[СПб.
_d1840]-1841
309 _aПриплетено к Пантеону рус. и всех европ. театров
488 0 _12001#$aПантеон русских и всех европейских театров
_tПантеон русских и всех европейских театров
801 1 _aRU
_bInfoComm
_c20041207
801 0 _aRU
_bNLR
_gPSBO
852 _aNLR
_j1/323
942 _cJOURNAL
980 _aRUSPER